| 000 | 00453nam a22001697a 4500 | ||
|---|---|---|---|
| 003 | OSt | ||
| 005 | 20220107122847.0 | ||
| 008 | 190116b xxu||||| |||| 00| 0 eng d | ||
| 020 | _a9788120349346 | ||
| 040 | _cIIITMK | ||
| 082 | _a006.31 CHA/A; 3 | ||
| 100 |
_aChandra, Vinod S S _915204 |
||
| 245 |
_aArtificial intelligence and machine learning _cVinod Chandra S S |
||
| 300 | _axiii, 349p. | ||
| 700 |
_aHareendran, Anand S _915205 |
||
| 942 |
_2ddc _cBK |
||
| 999 |
_c6330 _d6330 |
||